Theories of counseling and psychotherapy: Systems strategies and skills (Record no. 394795)
[ view plain ]
| 000 -LEADER | |
|---|---|
| fixed length control field | 00666 a2200241 4500 |
| 005 - DATE & TIME | |
| control field | 20260213162421.0 |
| 008 - FIXED-LENGTH DATA ELEMENTS--GENERAL INFORMATION | |
| fixed length control field | 260212b |||||||| |||| 00| 0 eng d |
| 020 ## - ISBN | |
| International Standard Book Number | 9789367134863 |
| Price | Rs. 995.00 |
| 040 ## - CATALOGING SOURCE | |
| Original cataloging agency | VIVEKANANDA LIBRARY |
| 082 ## - DDC NUMBER | |
| Classification number | 616.8914 |
| Book Number | K884T(5) |
| 100 ## - MAIN ENTRY--PERSONAL NAME | |
| Personal name | Seligman, Linda |
| 245 ## - TITLE STATEMENT | |
| Title | Theories of counseling and psychotherapy: Systems strategies and skills |
| 250 ## - EDITION STATEMENT | |
| Edition statement | 5th |
| 260 ## - PUBLICATION, DISTRIBUTION, ETC. (IMPRINT) | |
| Name of publisher, distributor, etc | Pearson |
| Date of publication, distribution, etc | 2026 |
| Place of publication, distribution, etc | Nodia |
| 300 ## - PHYSICAL DESCRIPTION | |
| Pages | xxix, 594 |
| 650 ## - Subject | |
| Subject | Medical Sciences |
| 650 ## - Subject | |
| Subject | Diseases - Treatment |
| 650 ## - Subject | |
| Subject | Mental Disorders |
| 650 ## - Subject | |
| Subject | Psychotherapy |
| 700 ## - Added Entry Personal Name | |
| Added Entry Personal Name | Kress, Victoria E |
| 700 ## - Added Entry Personal Name | |
| Added Entry Personal Name | Reichenberg, Lourie W |
| 942 ## - ADDED ENTRY ELEMENTS (KOHA) | |
| Koha item type | Books |
| Withdrawn status | Lost status | Source of classification or shelving scheme | Damaged status | Not for loan | Location (home branch) | Sublocation or collection (holding branch) | Shelving location | Date acquired | Koha issues (times borrowed) | Koha full call number | Accession No. | Koha date last seen | Koha item type |
|---|---|---|---|---|---|---|---|---|---|---|---|---|---|
| Dewey Decimal Classification | VIVEKANANDA LIBRARY | VIVEKANANDA LIBRARY | Vivekananda Library | 22/01/2026 | 616.8914 K884T(5) | 444388 | 22/01/2026 | Books |
